000 00620nam a2200229Ia 4500
003 OSt
005 20220928124732.0
006 a|||||r|||| 00| 0
007 ta
008 220927b |||||||| |||| 00| 0 eng d
024 _a37940
037 _cTextual
040 _aSDCL
_cSDCL
_beng
041 _2eng
_aeng
082 _aX6.24'N6, L0
100 _aMarkovitz Irving Leonard
_9466821
245 0 _aAfrican politics and society.
260 _aNew York
_b Free Press
_c1970
300 _axvi,485p
_ccm.
942 _hX6.24'N6, L0
_cTEXL
_2CC
999 _c779642
_d779642